000 00618na a2200217 4500
001 13676
003 MIRAKIL
005 20181213154825.0
008 160815b tu 000 0
020 _a9786056063169
035 _a13676
040 _aMilas
_btur
_cTR-AnCHP
082 _aATA
_a923.156
_bB54a
090 _aATA B54a 2009
100 _aBasar, Arif
245 _aAnılar yelpazesinde Mustafa Kemal Atatürk
_bhastalık ve son günleri
_cArif Basar
260 _aAnkara
_b[yayl.y.]
_c2009
300 _a6. c.
_bres.
_c19 sm.
650 _aAtatürk, Mustafa Kemal
_xAnılar
_xSon Günleri
942 _2ddc
_cBKS
999 _c1503
_d1503